000 00694nam a22002657a 4500
001 BR5500015
003 BR-BrBNA
005 20230928082949.0
007 ta
008 230509b bl.||||| |||| 00| 0 por d
040 _aBR-BrBNA
_bpor
_cBiblioteca Nacional de Agricultura
041 _a(Por)
072 _aM40
_b8400
090 _ 8400 BR5500015
100 1 _aSantos, E.
245 1 _aOs moluscos, vida e costumes
260 3 _aRio de Janeiro, GB (Brasil):
_bF. Briguiet,
_c1955.
300 _a134 p.
500 _aBibliography p. 130-132
650 _aBiologia aquatica
650 _aMolusco
650 _aAnimal aquatico
909 _a202309
_bLucia
_c55
_dLucia Elande
942 _cBK
999 _c10850
_d10850